|
|
|
|
| LEADER |
01190cam a2200265 a 4500 |
| 001 |
GR-Patra32292 |
| 003 |
GR-PaULI |
| 008 |
041103s2004 nyudf g b 001 0 eng|c |
| 020 |
|
|
|a 0071441646
|
| 040 |
|
|
|a GrPaTEI
|b gre
|c GR-PaULI
|
| 082 |
0 |
4 |
|a 621.815
|2 22
|
| 245 |
0 |
0 |
|a Standard handbook of machine design /
|c Joseph E. Shigley, Charles R. Mischke, Thomas H. Brown.
|
| 250 |
|
|
|a 3rd ed.
|
| 260 |
|
|
|a New York :
|b McGraw-Hill,
|c c2004.
|
| 300 |
|
|
|a 1 τ. (ποικίλη σελιδαρίθμηση) :
|b διαγρ., πίν. ;
|c 24 εκ.
|
| 504 |
|
|
|a Περιλαμβάνει βιβλιογραφίες και ευρετήριο.
|
| 650 |
|
0 |
|a Machine design
|v Handbooks, manuals, etc.
|
| 650 |
|
0 |
|a Machine design.
|
| 700 |
1 |
|
|a Brown, Thomas H.
|q (Thomas Hunter),
|d 1947-
|e επιμελητής.
|
| 700 |
1 |
|
|a Mischke, Charles R.
|e επιμελητής.
|
| 700 |
1 |
|
|a Shigley, Joseph Edward
|e επιμελητής.
|
| 942 |
|
|
|2 ddc
|
| 952 |
|
|
|0 0
|1 0
|2 ddc
|4 0
|6 621_815000000000000_STA
|7 1
|9 313976
|a LISK
|b LISK
|c BSC
|d 2021-01-17
|e 24
|f 0
|g 0.00
|l 0
|o 621.815 STA
|p 92410052158
|r 2021-01-17 00:00:00
|t 1
|w 2021-01-17
|y BKN
|x 20120920 0 0
|x GrPaTEI
|
| 971 |
|
|
|a .b26798645
|b 15-04-20
|c 26-09-16
|
| 999 |
|
|
|c 179609
|d 179609
|